|
|
|
|
| LEADER |
00906pam a22003258a 4500 |
| 001 |
00034520 |
| 005 |
20171026081025.0 |
| 008 |
161004s2007 ||||||Viesd |
| 020 |
|
|
|c 46000
|
| 041 |
0 |
# |
|a Vie
|
| 082 |
1 |
4 |
|a 796.815 092
|b H527TH
|
| 100 |
1 |
# |
|a Ngọc, Chẩn
|
| 245 |
1 |
0 |
|a Huyền thoại Lý Tiểu Long
|c Ngọc Chẩn
|
| 250 |
# |
# |
|a Tái bản lần thứ I
|
| 260 |
# |
# |
|a Tp. Hồ Chí Minh
|b Văn hóa - Thông tin
|c 2007
|
| 300 |
# |
# |
|a 286 tr.
|c 19 cm.
|
| 653 |
# |
# |
|a Kung Fu
|
| 653 |
# |
# |
|a Tiểu sử
|
| 653 |
# |
# |
|a Ám sát
|
| 653 |
# |
# |
|a Võ sư
|
| 653 |
# |
# |
|a Trung Hoa
|
| 852 |
# |
# |
|j KM.0018213
|j KD.0017327
|
| 852 |
# |
# |
|b Kho đọc
|j KD.0017327
|
| 852 |
# |
# |
|b Kho mượn
|j KM.0018213
|
| 910 |
|
|
|d 04/10/2016
|
| 980 |
# |
# |
|a Trung tâm Học liệu Lê Vũ Hùng, Trường Đại học Đồng Tháp
|